000 00430nam a2200193Ia 4500
005 20240823054042.0
008 240823s9999||||xx |||||||||||||| ||und||
020 _a978-81-930035-2-7
041 _aENGLISH
082 _A820 Q5
100 _aAbida Farooqui.
245 0 _aFootprints
250 _a1st
260 _c2015
_bMainspring Publi
500 _aYES
650 _aGeneral
_bGeneral
942 _cBK
999 _c225562
_d225562